| 000 | 00807nam a2200205Ia 4500 | ||
|---|---|---|---|
| 001 | 9925 | ||
| 003 | GE_BSU | ||
| 008 | 181216s||||||||xx |||||||||||||| ||und|| | ||
| 040 | _cGE_BSU | ||
| 080 | _a821.353.1–1"1941-1945 | ||
| 245 | _aმრისხანე წლები მოსაგონარად 1941-1945 | ||
| 245 | _bქართველი პოეტები.ლექსები | ||
| 245 | _cრედ.რევაზ მარგიანი.მხატვ.ირ.ჯანაშვილი | ||
| 260 | _aთბილისი | ||
| 260 | _bლიტერატურა და ხელოვნება | ||
| 260 | _c1965 | ||
| 300 | _a90გვ.28სმ. | ||
| 653 | _aმრისხანე წლები მოსაგონარად 1941-1945 | ||
| 942 | _cBK | ||
| 999 |
_c43200 _d43200 |
||